Statistics for British Diaspora

Click here to take the quiz!

General Stats

  • This quiz has been taken 290 times
  • The average score is 22 of 28

Answer Stats

ApproximationCountry% Correct
678,000United States
100%
1,300,000Australia
98%
600,000Canada
97%
200,000France
96%
115,000Germany
96%
215,000New Zealand
96%
760,000Spain
96%
291,000Ireland
92%
26,000Italy
92%
32,000India
90%
60,000Portugal
89%
36,000China
88%
212,000South Africa
87%
23,000Japan
84%
44,000Netherlands
82%
28,000Belgium
80%
47,000Pakistan
76%
45,000Switzerland
71%
34,000Turkey
71%
55,000United Arab Emirates
68%
45,000Singapore
64%
44,000Israel
60%
26,000Saudi Arabia
58%
41,000Thailand
56%
25,000Jamaica
55%
29,000Kenya
44%
59,000Cyprus
43%
27,000Barbados
30%

Score Distribution

Percentile by Number Answered

Percent of People with Each Score

Your Score History

You have not taken this quiz